<?xml version="1.0" encoding="UTF-8"?>
<record
    xmlns:xsi="http://www.w3.org/2001/XMLSchema-instance"
    xsi:schemaLocation="http://www.loc.gov/MARC21/slim http://www.loc.gov/standards/marcxml/schema/MARC21slim.xsd"
    xmlns="http://www.loc.gov/MARC21/slim">

  <leader>00532nam a2200181   4500</leader>
  <controlfield tag="003">SEACOMEC</controlfield>
  <controlfield tag="005">20240820160115.0</controlfield>
  <controlfield tag="008">240507b        |||||||| |||| 00| 0 eng d</controlfield>
  <datafield tag="020" ind1=" " ind2=" ">
    <subfield code="c">Rs.279.00</subfield>
  </datafield>
  <datafield tag="040" ind1=" " ind2=" ">
    <subfield code="a">SEACOMEC</subfield>
  </datafield>
  <datafield tag="082" ind1=" " ind2=" ">
    <subfield code="a">621.38153</subfield>
    <subfield code="b">L434</subfield>
  </datafield>
  <datafield tag="100" ind1=" " ind2=" ">
    <subfield code="a"> Leach, Donald P</subfield>
  </datafield>
  <datafield tag="245" ind1="1" ind2=" ">
    <subfield code="a">Digital Principles and Applications / </subfield>
    <subfield code="c"> Donald P   Leach,  Albert Paul Malvino, and Goutam Saha</subfield>
  </datafield>
  <datafield tag="250" ind1=" " ind2=" ">
    <subfield code="a">6th ed.</subfield>
  </datafield>
  <datafield tag="260" ind1=" " ind2=" ">
    <subfield code="a"> New Delhi McGraw Hill</subfield>
    <subfield code="b">Tata  McGraw Hil</subfield>
    <subfield code="c">2006</subfield>
  </datafield>
  <datafield tag="650" ind1=" " ind2=" ">
    <subfield code="a">Electronic Engineering</subfield>
  </datafield>
  <datafield tag="942" ind1=" " ind2=" ">
    <subfield code="c">BOOK</subfield>
  </datafield>
  <datafield tag="952" ind1=" " ind2=" ">
    <subfield code="0">0</subfield>
    <subfield code="1">0</subfield>
    <subfield code="2">ddc</subfield>
    <subfield code="4">0</subfield>
    <subfield code="7">0</subfield>
    <subfield code="a">SEACOMEC</subfield>
    <subfield code="b">SEACOMEC</subfield>
    <subfield code="d">2007-08-18</subfield>
    <subfield code="l">0</subfield>
    <subfield code="o">621.38153 L434</subfield>
    <subfield code="p">8103</subfield>
    <subfield code="r">2024-08-20 15:59:02</subfield>
    <subfield code="w">2024-08-20</subfield>
    <subfield code="y">BOOK</subfield>
  </datafield>
  <datafield tag="952" ind1=" " ind2=" ">
    <subfield code="0">0</subfield>
    <subfield code="1">0</subfield>
    <subfield code="2">ddc</subfield>
    <subfield code="4">0</subfield>
    <subfield code="7">0</subfield>
    <subfield code="a">SEACOMEC</subfield>
    <subfield code="b">SEACOMEC</subfield>
    <subfield code="d">2007-08-18</subfield>
    <subfield code="l">0</subfield>
    <subfield code="o">621.38153 L434</subfield>
    <subfield code="p">8104</subfield>
    <subfield code="r">2024-08-20 15:59:02</subfield>
    <subfield code="t">1</subfield>
    <subfield code="w">2024-08-20</subfield>
    <subfield code="y">BOOK</subfield>
  </datafield>
  <datafield tag="952" ind1=" " ind2=" ">
    <subfield code="0">0</subfield>
    <subfield code="1">0</subfield>
    <subfield code="2">ddc</subfield>
    <subfield code="4">0</subfield>
    <subfield code="7">0</subfield>
    <subfield code="a">SEACOMEC</subfield>
    <subfield code="b">SEACOMEC</subfield>
    <subfield code="d">2007-08-18</subfield>
    <subfield code="l">0</subfield>
    <subfield code="o">621.38153 L434</subfield>
    <subfield code="p">8105</subfield>
    <subfield code="r">2024-08-20 15:59:02</subfield>
    <subfield code="t">2</subfield>
    <subfield code="w">2024-08-20</subfield>
    <subfield code="y">BOOK</subfield>
  </datafield>
  <datafield tag="952" ind1=" " ind2=" ">
    <subfield code="0">0</subfield>
    <subfield code="1">0</subfield>
    <subfield code="2">ddc</subfield>
    <subfield code="4">0</subfield>
    <subfield code="7">0</subfield>
    <subfield code="a">SEACOMEC</subfield>
    <subfield code="b">SEACOMEC</subfield>
    <subfield code="d">2007-08-18</subfield>
    <subfield code="l">0</subfield>
    <subfield code="o">621.38153 L434</subfield>
    <subfield code="p">8106</subfield>
    <subfield code="r">2024-08-20 15:59:02</subfield>
    <subfield code="t">3</subfield>
    <subfield code="w">2024-08-20</subfield>
    <subfield code="y">BOOK</subfield>
  </datafield>
  <datafield tag="952" ind1=" " ind2=" ">
    <subfield code="0">0</subfield>
    <subfield code="1">0</subfield>
    <subfield code="2">ddc</subfield>
    <subfield code="4">0</subfield>
    <subfield code="7">0</subfield>
    <subfield code="a">SEACOMEC</subfield>
    <subfield code="b">SEACOMEC</subfield>
    <subfield code="d">2007-08-18</subfield>
    <subfield code="l">0</subfield>
    <subfield code="o">621.38153 L434</subfield>
    <subfield code="p">8107</subfield>
    <subfield code="r">2024-08-20 15:59:02</subfield>
    <subfield code="t">4</subfield>
    <subfield code="w">2024-08-20</subfield>
    <subfield code="y">BOOK</subfield>
  </datafield>
  <datafield tag="952" ind1=" " ind2=" ">
    <subfield code="0">0</subfield>
    <subfield code="1">0</subfield>
    <subfield code="2">ddc</subfield>
    <subfield code="4">0</subfield>
    <subfield code="7">0</subfield>
    <subfield code="a">SEACOMEC</subfield>
    <subfield code="b">SEACOMEC</subfield>
    <subfield code="d">2007-08-18</subfield>
    <subfield code="l">0</subfield>
    <subfield code="o">621.38153 L434</subfield>
    <subfield code="p">8108</subfield>
    <subfield code="r">2024-08-20 15:59:02</subfield>
    <subfield code="t">5</subfield>
    <subfield code="w">2024-08-20</subfield>
    <subfield code="y">BOOK</subfield>
  </datafield>
  <datafield tag="952" ind1=" " ind2=" ">
    <subfield code="0">0</subfield>
    <subfield code="1">0</subfield>
    <subfield code="2">ddc</subfield>
    <subfield code="4">0</subfield>
    <subfield code="7">0</subfield>
    <subfield code="a">SEACOMEC</subfield>
    <subfield code="b">SEACOMEC</subfield>
    <subfield code="d">2007-09-14</subfield>
    <subfield code="l">0</subfield>
    <subfield code="o">621.38153 L434</subfield>
    <subfield code="p">8516</subfield>
    <subfield code="r">2024-08-20 16:00:22</subfield>
    <subfield code="t">6</subfield>
    <subfield code="w">2024-08-20</subfield>
    <subfield code="y">BOOK</subfield>
  </datafield>
  <datafield tag="952" ind1=" " ind2=" ">
    <subfield code="0">0</subfield>
    <subfield code="1">0</subfield>
    <subfield code="2">ddc</subfield>
    <subfield code="4">0</subfield>
    <subfield code="7">0</subfield>
    <subfield code="a">SEACOMEC</subfield>
    <subfield code="b">SEACOMEC</subfield>
    <subfield code="d">2007-09-14</subfield>
    <subfield code="l">0</subfield>
    <subfield code="o">621.38153 L434</subfield>
    <subfield code="p">8517</subfield>
    <subfield code="r">2024-08-20 16:00:22</subfield>
    <subfield code="t">7</subfield>
    <subfield code="w">2024-08-20</subfield>
    <subfield code="y">BOOK</subfield>
  </datafield>
  <datafield tag="952" ind1=" " ind2=" ">
    <subfield code="0">0</subfield>
    <subfield code="1">0</subfield>
    <subfield code="2">ddc</subfield>
    <subfield code="4">0</subfield>
    <subfield code="7">0</subfield>
    <subfield code="a">SEACOMEC</subfield>
    <subfield code="b">SEACOMEC</subfield>
    <subfield code="d">2007-09-14</subfield>
    <subfield code="l">0</subfield>
    <subfield code="o">621.38153 L434</subfield>
    <subfield code="p">8518</subfield>
    <subfield code="r">2024-08-20 16:00:22</subfield>
    <subfield code="t">8</subfield>
    <subfield code="w">2024-08-20</subfield>
    <subfield code="y">BOOK</subfield>
  </datafield>
  <datafield tag="952" ind1=" " ind2=" ">
    <subfield code="0">0</subfield>
    <subfield code="1">0</subfield>
    <subfield code="2">ddc</subfield>
    <subfield code="4">0</subfield>
    <subfield code="7">0</subfield>
    <subfield code="a">SEACOMEC</subfield>
    <subfield code="b">SEACOMEC</subfield>
    <subfield code="d">2007-09-14</subfield>
    <subfield code="l">0</subfield>
    <subfield code="o">621.38153 L434</subfield>
    <subfield code="p">8519</subfield>
    <subfield code="r">2024-08-20 16:00:22</subfield>
    <subfield code="t">9</subfield>
    <subfield code="w">2024-08-20</subfield>
    <subfield code="y">BOOK</subfield>
  </datafield>
  <datafield tag="999" ind1=" " ind2=" ">
    <subfield code="c">1036</subfield>
    <subfield code="d">1036</subfield>
  </datafield>
</record>
